000 00915pam a22002894a 4500
008
049 _aMAIN
090 _aQA76
_bHAA
100 1 _aHaag, Stephen.
245 1 0 _aComputing concepts /
_cStephen Haag, Maeve Cummings, Alan I Rea.
250 _a2nd ed.
260 _aNew York :
_bMcGraw-Hill/Irwin,
_cc2004.
300 _axxiv, 428 p. :
_bill. (some col.) ;
_c29 cm.
500 _aIncludes Index.
504 _aIncludes bibliographical references.
650 0 _aInformation technology
_xManagement.
650 0 _aManagement information systems.
650 0 _aInformation resources management.
650 0 _aIndustrial management
_xTechnological innovations.
700 _aRea, Alan I.
700 _aCummings, Maeve.
907 _a.b10253786
_b01-09-22
_c17-03-08
003
005 20230123124858.0
040 _cNUST
942 _cBOOKS
_kQA76
_mHAA
999 _c131862
_d131862